Wonders of the world : Bristlecone pines

Bibliographic Details
Other Authors: JBrucken, Kelli, M , 1974-
Format: Book
Published: USA : Thomsan Gale , 2006
Subjects:

MARC

LEADER 00000cam a2200000 7i4500
001 0000003740
005 20110504.0
020 0 0 |a 0737730617 
090 0 0 |a 558.2   |b KEL 2006 
245 0 0 |a Wonders of the world :   |b Bristlecone pines   |c Brucken, Kelli,M 
260 0 0 |a USA :   |b Thomsan Gale ,   |c 2006 
300 |a 48 p. :   |b ill. ;   |c 24 cm. 
500 0 0 |a Includes biliography references and index 
650 0 0 |a Rocky mountain bristlecone pine--Juvenile literature 
700 0 1 |a JBrucken, Kelli, M ,   |c 1974- 
999 |a 007187   |b Monograph   |c Open Shelf   |e Default branch